Verwaltungsgliederung der Ukraine - Statistiken

Allgemein
  • Dieses Quiz wurde 315 mal gespielt
  • Das Durchschnittsergebnis liegt bei 13 aus 27
Antworten auf der Karte
Die Antworten werden auf der Karte rot bzw. grün angezeigt, abhängig davon wie oft sie richtig erraten wurden.
 
Antwortstatistiken
Typ Antwort % Korrekt
Stadt Kiew (Kyiv)
96%
Autonome Republik Krim
87%
Oblast Donezk
84%
Oblast Odessa
80%
Oblast Luhansk
79%
Oblast Lwiw (Lemberg)
75%
Oblast Charkiw (Charkow)
73%
Oblast Cherson
68%
Stadt Sewastopol
67%
Oblast Sumy
49%
Oblast Iwano-Frankiwsk
44%
Oblast Saporischschja
44%
Oblast Dnipropetrowsk (Sitscheslaw)
42%
Oblast Poltawa
39%
Oblast Tschernihiw
37%
Oblast Kiew (Kyiv)
36%
Oblast Mykolajiw
32%
Oblast Transkarpatien (Sakarpattja)
30%
Oblast Riwne
27%
Oblast Ternopil
27%
Oblast Tscherkassy
23%
Oblast Tscherniwzi (Czernowitz)
23%
Oblast Winnyzja
21%
Oblast Schytomyr
20%
Oblast Wolyn (Wolhynien, Wolynien)
20%
Oblast Kirowohrad
17%
Oblast Chmelnyzkyj
14%
Keine übereinstimmenden Quizze gefunden
Verteilung der Resultate
Anzahl Personen mit jedem Resultat
Perzentil nach korrekt beantworteten Fragen
Ihre Resultats-Entwicklung
Sie haben dieses Quiz noch nicht gespielt